01037cam a22002534a 4500082002800000100002900028245025300057250001200310260004800322300002900370526003700399650002400436650001400460650002800474650001300502650002100515700003000536700003100566700003400597700002600631942001200657999001900669952009500688 a620.11bMOOcL-21, P-621 aMoore, Herbert F.94074810aTextbook of the materials of engineering /c[by] Herbert F. Moore, Mark B. Moore ; with a chapter on cohesion, stress, and strain by Jasper O. Draffin, a chapter on concrete by Harrison F. Gonnerman, and a chapter on plastics by William N. Findley. a8th ed. aNew York ;aToronto :bMcGraw-Hill ;c1953. a372 p. :bill. ;c24 cm. a0b0c0d620_110000000000000_MOO 0aBuilding materials. 0aConcrete. 0aCrystallography.940749 0aMCE9379 0aPlastics.9359271 aDraffin, Jasper O.9407501 aFindley, William N.9407511 aGonnerman, Harrison F.9407521 aMoore, Mark B.940753 2ddccBK c544998d544998 00102ddc4070aMCEbMCEd2014-05-15l0o620.11 MOOpMCE-3662r2014-05-15w2014-05-15yBK